HVD Filmmaking

Bibliographic Details
Main Author: Fahs, Chad
Format: Book
Published: Boston : Thomson Course Technology , 2006
Series:Aspiring filmmaker's library
Subjects:

MARC

LEADER 00000cam a2200000 7i4500
001 0000019633
005 20070626.0
020 |a 1592008283 
040 |a INS 
090 0 0 |a TR860   |b F35 2006 
100 1 |a Fahs, Chad 
245 1 0 |a HVD Filmmaking   |c Chad Fahs 
260 |a Boston :   |b Thomson Course Technology ,   |c 2006 
300 |a xvii, 470 p. :   |b ill., pic. ;   |c 23 cm. 
440 0 |a Aspiring filmmaker's library 
500 |a Includes index 
650 0 0 |a Digital cinematography 
650 0 0 |a Digital video 
999 |a 0000018814   |b BOOK   |c Open Shelf   |e Default branch